Представление документа в формате RUSMARC

ПолеНазваниеЗначение
  Тип записи a
  Библиографический уровень c
001 Контрольный номер RU/IS/BASE/298038074
005 Дата корректировки 20260422125722.0
010 Индекс ISBN __
a ISBN 978-5-699-26753-8
d Цена 150-00
b Уточнения в пер.
101 Язык документа 0_
a Язык текста rus
102 Страна публикации __
a Страна публикации RU
105 Кодированные данные (монография) __
a Кодированные данные (монография) y z 000ay
181 Поле кодированных данных: вид содержания _0
a Код вида содержания (ISBD) i
182 Поле кодированных данных: тип средства _0
a Код типа средства (ISBD) n
200 Заглавие и сведения об ответственности 1_
a Заглавие Криминальные каникулы ; Фальшивый папа
e Сведения, относящиеся к заглавию [повести : для среднего школьного возраста]
f Первые сведения об ответственности Екатерина Вильмонт
210 Выходные данные 1_
a Место издания Москва
c Издательство Эксмо
d Дата издания 2008
215 Физическое описание __
a Объем 378, [4] с.
225 Серия 2_
a Серия Большая книга детективов Е. Вильмонт
225 Серия 2_
a Серия Сыскное бюро "Квартет"
320 Библиография __
a Библиография Другие книги автора на 2-й с.
330 Аннотация __
a Аннотация Поехав на каникулы за границу, Ася и Мотька, юные детективы из сыскного бюро "Квартет", нападают на след торговца антиквариатом и наркотиками. Девочки решают во что бы то ни стало вывести негодяя на чистую воду...
333 Примечание о целевом назначении __
a Примечание о целевом назначении 12+
464 Аналитический уровень _0
1 2001
a Фальшивый папа
e повесть
517 Другие варианты заглавия 1_
a Другие варианты заглавия Фальшивый папа
606 Тематические рубрики __
a Основная рубрика Художественная литература
2 Код системы nlr_sh
606 Тематические рубрики __
a Основная рубрика Современная русская литература (произведения)
2 Код системы nlr_sh
610 Ключевые слова 0_
a Ключевые слова детская литература; повести; детективы; детективные повести; тема дружбы; тема расследований; приключения
686 Индексы других классификаций __
a Классификационный индекс ст84(2=411.2)6-4
700 Автор _1
a Фамилия Вильмонт
b Имя Е. Н.
g Полное личное имя Екатерина Николаевна
4 Код отношения 070
f Даты 1946-2021
801 Источник записи _0
a Страна RU
b Организация Муниципальное бюджетное учреждение культуры "Централизованная библиотечная система" г. Сургут (Центральная городская библиотека им. А. С. Пушкина)
g Правила каталогизации PSBO
801 Источник записи _1
a Страна RU
b Организация Муниципальное бюджетное учреждение культуры "Централизованная библиотечная система" г. Сургут (Центральная городская библиотека им. А. С. Пушкина)
g Правила каталогизации PSBO
852 Данные о местонахождении __
j Шифр хранения ст84(2=411.2)6-4
c Каталожный индекс ст84(2=411.2)6-4
i Авторский знак В 46
901 Тип документа __
t Тип документа x
a Ответственный КиК/Елгина
901 Тип документа __
a Ответственный КиК/Лукашук
903 Характеристики (МАРС) __
a Дата передачи 20090618
c Наименование библиотеки (МАРС) Муниципальное бюджетное учреждение культуры "Централизованная библиотечная система" г. Сургут (Центральная городская библиотека им. А. С. Пушкина)
969 Тип издания __
a Тип издания сборник
990 Данные о заказе (DOS) __
j Количество экземпляров (DOS) 1
t N записи в КСУ для И/У (DOS) 200906